Raising earthworms for profit / (Запис № 541265)

МАРК-запис
000 -LEADER
fixed length control field 01341cam a2200325Ia 4500
001 - CONTROL NUMBER
control field raisingearthworm00shie
003 - CONTROL NUMBER IDENTIFIER
control field CaSfIA
005 - DATE AND TIME OF LATEST TRANSACTION
control field 20210118213552.0
007 - PHYSICAL DESCRIPTION FIXED FIELD--GENERAL INFORMATION
fixed length control field cr||||
008 - FIXED-LENGTH DATA ELEMENTS--GENERAL INFORMATION
fixed length control field 820921s1982 wiua 001 0 eng d
040 ## - CATALOGING SOURCE
Original cataloging agency IFK
Transcribing agency IFK
Modifying agency SPP
-- NZ1
-- CaSfIA
020 ## - INTERNATIONAL STANDARD BOOK NUMBER
International Standard Book Number 0914116215
020 ## - INTERNATIONAL STANDARD BOOK NUMBER
International Standard Book Number 9780914116219
035 ## - SYSTEM CONTROL NUMBER
System control number (OCoLC)8792540
050 #4 - LIBRARY OF CONGRESS CALL NUMBER
Classification number SF597.E3
Item number S48 1982
082 04 - DEWEY DECIMAL CLASSIFICATION NUMBER
Classification number 639.75/46
Edition number 19
029 1# - (OCLC)
OCLC library identifier NZ1
System control number 2720118
100 1# - MAIN ENTRY--PERSONAL NAME
Personal name Shields, Earl Bell,
Dates associated with a name 1892-
245 10 - TITLE STATEMENT
Title Raising earthworms for profit /
Medium [electronic resource]
Statement of responsibility, etc by Earl B. Shields.
250 ## - EDITION STATEMENT
Edition statement 18th ed.
260 ## - PUBLICATION, DISTRIBUTION, ETC. (IMPRINT)
Place of publication, distribution, etc Eagle River, Wis. :
Name of publisher, distributor, etc Shields Publications,
Date of publication, distribution, etc c1982.
300 ## - PHYSICAL DESCRIPTION
Extent 128 p. :
Other physical details ill. ;
Dimensions 22 cm.
500 ## - GENERAL NOTE
General note Includes index.
506 ## - RESTRICTIONS ON ACCESS NOTE
Standardized terminology for access restriction Необхідна авторизація на https://archive.org/ (створення облікового запису безкоштовно)
506 ## - RESTRICTIONS ON ACCESS NOTE
Standardized terminology for access restriction Необхідна авторизація на https://openlibrary.org/ (створення облікового запису безкоштовно)
650 #0 - SUBJECT ADDED ENTRY--TOPICAL TERM
Topical term or geographic name as entry element Earthworm culture.
856 41 - ELECTRONIC LOCATION AND ACCESS
Uniform Resource Identifier <a href="http://www.archive.org/details/raisingearthworm00shie">http://www.archive.org/details/raisingearthworm00shie</a>
Public note Free eBook from the Internet Archive
856 42 - ELECTRONIC LOCATION AND ACCESS
Uniform Resource Identifier <a href="http://www.openlibrary.org/books/OL20577222M">http://www.openlibrary.org/books/OL20577222M</a>
Public note Additional information and access via Open Library
942 ## - ADDED ENTRY ELEMENTS (KOHA)
Koha item type ЕКнига

Немає доступних примірників.